000 01219cam a22003011i 4500
003 SA-RiAUC
005 20250518102816.0
008 250515s2004____su g b f00000 ara c
020 _a 9960620387
040 _aSA-JeALM
_bara
_cSA-RiAUC
_erda
050 4 _b.A23 2004
082 0 4 _a811.009
_qSA-RiAUC
090 _b811.009
_a ع ب ا
100 1 _aالعبادي، علي حسن عبد الله،
_d1352 هجري-
_eمؤلف.
245 1 0 _aما هكذا يكتب الشعر /
_cعلي بن حسن العبادي.
250 _aالطبعة الأولى.
264 1 _aالطائف، السعودية :
_bنادي الطائف الأدبي،
_c2004
300 _aمجلدات ؛
_c24 سم
336 _aنص
_btxt
_2rdacontent
_3كتاب
337 _aبدون وسيط
_bn
_2rdamedia
338 _aمجلد
_bnc
_2rdacarrier
500 _aإهداء من المؤلف علي بن حسن العبادي بتاريخ 1425/8/26 هـ
504 _aيشتمل على إرجاعات ببليوجرافية.
504 _aببليوجرافية : صفحة 410-415.
650 7 _aالشعر العربي
_xتاريخ ونقد
_2aucsh
942 _2ddc
_cBOOK
_n0
949 _aSA-JeALM
_d250515
_umohamedma123
_n1
999 _c8028
_d8028